Výroba presných súčiastok kovaním z práškových polotovarov /

Guardado en:
Detalles Bibliográficos
Autores principales: Huppmann, W.J (Autor), Weber, M (Autor)
Formato: Libro
Lenguaje:eslovaco
Publicado: Bratislava : SlTK-Centrum VTI SR, 1988
Materias:
Etiquetas: Agregar Etiqueta
Sin Etiquetas, Sea el primero en etiquetar este registro!

MARC

LEADER 00000nam a22000003a 4500
001 stu37017
005 20150617225726.3
008 920626s1988----cs------------------slo-d
040 |a STU  |b slo 
041 0 |a slo 
044 |a cs 
080 |a 621.793 
100 1 |a Huppmann, W.J  |4 aut 
245 1 |a Výroba presných súčiastok kovaním z práškových polotovarov /  |c [aut.]W.J. Huppmann, M. Weber 
260 |a Bratislava :  |b SlTK-Centrum VTI SR,  |c 1988 
300 |a 10 s 
650 7 |a kovanie  |2 stusub 
650 7 |a súčiastky presné  |2 stusub 
650 7 |a preklady  |2 stusub 
700 1 |a Weber, M  |4 aut 
996 |b MP 19  |c M*P-19  |l MMKN  |s A  |a 24  |w stu37017_0001